000 00418nam a2200169Ia 4500
999 _c10361
_d10361
003 OSt
005 20220315165541.0
008 220308s9999 xx 000 0 und d
020 _a9783037785720
082 _a720.922
_bALE
100 _a Alejandro Aravena 
245 0 _aElemental : Alejandro Aravena
260 _b ‎ Lars Muller Publishers (8 October 2018)
365 _cEUR
365 _d45
942 _2ddc